7 minute cover letters
में बचाया:
| मुख्य लेखक: | |
|---|---|
| स्वरूप: | पुस्तक |
| भाषा: | Undetermined |
| प्रकाशित: |
Foster City, CA
IDG Books Worldwide
2000
|
| विषय: | |
| टैग : |
टैग जोड़ें
कोई टैग नहीं, इस रिकॉर्ड को टैग करने वाले पहले व्यक्ति बनें!
|
| Thư viện lưu trữ: | Trung tâm Học liệu Trường Đại học Cần Thơ |
|---|
| LEADER | 00517nam a2200193Ia 4500 | ||
|---|---|---|---|
| 001 | CTU_128775 | ||
| 008 | 210402s9999 xx 000 0 und d | ||
| 020 | |c 164000 | ||
| 082 | |a 808.06665 | ||
| 082 | |b M847 | ||
| 100 | |a Morgan, Dana | ||
| 245 | 0 | |a 7 minute cover letters | |
| 245 | 0 | |c Dana Morgan | |
| 260 | |a Foster City, CA | ||
| 260 | |b IDG Books Worldwide | ||
| 260 | |c 2000 | ||
| 650 | |a Cover letters.,Thư từ giao dịch | ||
| 904 | |i Minh | ||
| 980 | |a Trung tâm Học liệu Trường Đại học Cần Thơ | ||